书目信息 |
| 题名: |
市场调查
|
|
| 作者: | 简明 , 金勇进 , 蒋妍 编著 | |
| 分册: | ||
| 出版信息: | 北京 中国人民大学出版社 2005 |
|
| 页数: | 345页 | |
| 开本: | 23cm | |
| 丛书名: | ||
| 单 册: | ||
| 中图分类: | F713.52 | |
| 科图分类: | ||
| 主题词: | 市场--调查--高等教育--教材 , 市场 | |
| 电子资源: | ||
| ISBN: | 7-300-06367-5 | |
| 000 | 01059nam0 2200301 450 | |
| 000 | 01069nam0 2200301 450 | |
| 000 | 00999nam0 2200277 450 | |
| 000 | 00963nam0 2200265 45 | |
| 005 | 20070724103959.15 | |
| 010 | @a7-300-06367-5@dCNY27.00 | |
| 100 | @a20070626d2005 em y0chiy0120 ea | |
| 101 | 0 | @achi |
| 102 | @aCN@b110000 | |
| 105 | @ay z 000yy | |
| 200 | 1 | @a市场调查@AShi Chang Diao Cha@f简明,金勇进,蒋妍编著@FJian Ming, Jin Yong Jin, Jiang Yan Bian Zhu |
| 210 | @a北京@c中国人民大学出版社@d2005 | |
| 215 | @a345页@d23cm | |
| 300 | @a北京市高等教育精品教材立项项目 | |
| 330 | @a全书分14章,内容包括市场调查总论、市场调查过程、调查方案设计、调查方法、问卷设计、抽样设计、调查的实施、调查资料的整理、战略调研等。 | |
| 510 | 1 | @aMarketing Research@zeng |
| 606 | 0 | @a市场@x调查@x高等教育@j教材 |
| 606 | 0 | @a市场 |
| 690 | @aF713.52@v4 | |
| 701 | 0 | @a简明@AJian Ming@c(市场管理)@4编著 |
| 701 | 0 | @a金勇进@AJin Yong Jin@4编著 |
| 701 | 0 | @a蒋妍@AJiang Yan@4编著 |
| 801 | 0 | @aCN@bTAOJIN@c20070724 |
| 905 | @a10447@dF713.52@e349 | |
| 市场调查/简明,金勇进,蒋妍编著.-北京:中国人民大学出版社,2005 |
| 345页;23cm |
| 北京市高等教育精品教材立项项目 |
| ISBN 7-300-06367-5:CNY27.00 |
| 全书分14章,内容包括市场调查总论、市场调查过程、调查方案设计、调查方法、问卷设计、抽样设计、调查的实施、调查资料的整理、战略调研等。 |
| ● |
| 相关链接 |
|
|
|
|
正题名:市场调查
索取号:F713.52/349
 
预约/预借
| 序号 | 登录号 | 条形码 | 馆藏地/架位号 | 状态 | 备注 |
| 1 | 0824442 | 208244425 | 第一样本阅览室/ [索取号:F713.52/349] | 在馆 | |
| 2 | 0824443 | 208244434 | 第一借阅区/ [索取号:F713.52/349] | 在馆 | |
| 3 | 0824444 | 208244443 | 第一借阅区/ [索取号:F713.52/349] | 在馆 | |
| 4 | 0824445 | 208244452 | 第一借阅区/ [索取号:F713.52/349] | 在馆 | |
| 5 | 0824446 | 208244461 | 第一借阅区/ [索取号:F713.52/349] | 在馆 | |
| 6 | 0824447 | 208244470 | 第一借阅区/ [索取号:F713.52/349] | 在馆 | |
| 7 | 0824448 | 208244489 | 第一借阅区/ [索取号:F713.52/349] | 在馆 | |
| 8 | 0824449 | 208244498 | 第一借阅区/ [索取号:F713.52/349] | 在馆 |